[Event "Guernsey op 43rd"]
[Site "Vale"]
[Date "2017.10.20"]
[Round "6"]
[White "Hillarp Persson, Tiger"]
[Black "Jackson, Oliver A"]
[Result "1-0"]
[WhiteElo "2517"]
[BlackElo "2168"]
[PlyCount "67"]
[EventDate "2017.10.15"]
[EventType "swiss"]
[EventRounds "7"]
[EventCountry "GCI"]
[SourceTitle "CBM 181 Extra"]
[Source "ChessBase"]
[SourceDate "2017.12.12"]
[SourceVersion "1"]
[SourceVersionDate "2017.12.12"]
[SourceQuality "1"]

1. c4 e5 2. Nc3 Nc6 3. g3 f5 4. Nf3 Nf6 5. d4 e4 6. Nh4 d6 7. f3 Be7 8. Bh3 exf3 9. exf3 f4 10. Bxc8 Qxc8 11. Bxf4 Qe6+ 12. Qe2 Nxd4 13. Qxe6 Nxe6 14. Ng2 Kd7 15. Be3 b6 16. 0-0-0 Rae8 17. Rhe1 Rhf8 18. Kc2 g5 19. b4 Nh5 20. Rf1 Rf7 21. c5 Kc6 22. b5+ Kb7 23. c6+ Kb8 24. a4 Ref8 25. Ne1 Nhg7 26. Nd5 Nf5 27. Bg1 Bf6 28. Kb3 Bd4 29. Bxd4 Nfxd4+ 30. Kc4 Nxf3 31. Rxf3 Rxf3 32. Nxf3 Rxf3 33. Re1 a5 34. Rxe6 1-0

[Event "Guernsey op 43rd"]
[Site "Vale"]
[Date "2017.10.16"]
[Round "2"]
[White "Van Dijk, Bram"]
[Black "Jackson, Oliver A"]
[Result "1/2-1/2"]
[WhiteElo "1999"]
[BlackElo "2168"]
[PlyCount "40"]
[EventDate "2017.10.15"]
[EventType "swiss"]
[EventRounds "7"]
[EventCountry "GCI"]
[SourceTitle "CBM 181 Extra"]
[Source "ChessBase"]
[SourceDate "2017.12.12"]
[SourceVersion "1"]
[SourceVersionDate "2017.12.12"]
[SourceQuality "1"]

1. e4 c5 2. Nc3 e6 3. f4 a6 4. a4 d5 5. d3 Nc6 6. Nf3 Nf6 7. e5 Nd7 8. g3 Be7 9. Qe2 0-0 10. Bg2 Rb8 11. Nd1 b5 12. axb5 axb5 13. 0-0 Qb6 14. Kh1 Bb7 15. Be3 Ra8 16. Nf2 f6 17. exf6 Rxa1 18. f7+ Rxf7 19. Rxa1 e5 20. Ng4 d4 1/2-1/2

[Event "Bodensee op Seniors"]
[Site "Bregenz"]
[Date "2017.05.24"]
[Round "5"]
[White "Kierzek, Matthias"]
[Black "Jackson, Oliver A"]
[Result "1-0"]
[WhiteElo "2262"]
[BlackElo "2160"]
[PlyCount "71"]
[EventDate "2017.05.20"]
[EventType "swiss"]
[EventRounds "9"]
[EventCountry "AUT"]
[SourceTitle "CBM 178 Extra"]
[Source "ChessBase"]
[SourceDate "2017.06.22"]
[SourceVersion "1"]
[SourceVersionDate "2017.06.22"]
[SourceQuality "1"]

1. d4 Nf6 2. c4 e5 3. dxe5 Ng4 4. Bf4 g5 5. Bg3 Nc6 6. h4 Ngxe5 7. Nc3 g4 8. h5 Be7 9. e3 d6 10. Bd3 Be6 11. Nd5 Qd7 12. Ne2 Nxd3+ 13. Qxd3 0-0-0 14. Nd4 Ne5 15. Qa3 a6 16. Nxe7+ Kb8 17. Nd5 Nxc4 18. Nf6 Qe7 19. Qc3 Ne5 20. Bh4 c5 21. Ne2 Qc7 22. Bg3 Ka8 23. Nf4 Qc6 24. 0-0 b5 25. Nxe6 fxe6 26. Bxe5 b4 27. Qc2 dxe5 28. Qe4 Kb7 29. Qxe5 Rhf8 30. Rad1 h6 31. Ne4 Kb6 32. Rd6 Rxd6 33. Nxd6 Qd5 34. Nc4+ Kb5 35. Qg7 Rd8 36. b3 1-0

[Event "Bodensee op Seniors"]
[Site "Bregenz"]
[Date "2017.05.23"]
[Round "4"]
[White "Jackson, Oliver A"]
[Black "Dobosz, Henryk"]
[Result "1/2-1/2"]
[WhiteElo "2160"]
[BlackElo "2381"]
[PlyCount "45"]
[EventDate "2017.05.20"]
[EventType "swiss"]
[EventRounds "9"]
[EventCountry "AUT"]
[SourceTitle "CBM 178 Extra"]
[Source "ChessBase"]
[SourceDate "2017.06.22"]
[SourceVersion "1"]
[SourceVersionDate "2017.06.22"]
[SourceQuality "1"]

1. e4 c5 2. Nc3 Nc6 3. f4 g6 4. Nf3 Bg7 5. Bb5 Nd4 6. a4 b6 7. 0-0 Bb7 8. d3 e6 9. Nxd4 Bxd4+ 10. Kh1 Ne7 11. Ne2 Bg7 12. f5 exf5 13. Ng3 fxe4 14. Nxe4 0-0 15. Nf6+ Kh8 16. Bg5 h6 17. Qg4 Ng8 18. Qh4 Nxf6 19. Bxf6 Bxf6 20. Rxf6 Kg7 21. Raf1 Bd5 22. Bc4 Be6 23. Qf4 1/2-1/2